000 00803nam a2200241 i 4500
001 12404
003 ES-MaACL
005 20230906150315.0
008 950628s1997 sp v |||| | spa j
020 _a84-470-0843-6
080 _a34(460)"19"(094.9)
080 _a35(460)"19"(094.9)
110 1 _aEspaña.
_bTribunal Constitucional.
_94001
240 1 0 _aJurisprudencia constitucional (
_d1981-1995)
245 1 0 _aJurisprudencia constitucional, 1981-1995
_b: estudio y reseña completa de las primeras 3.052 sentencias del TC /
_cTomás Gui Mori.
250 _a1ª ed.
260 _aMadrid :
_bCivitas,
_c1997.
300 _a2149 p. ;
_c25 cm.
500 _aAnexos.
610 1 _aEspaña.
_bTribunal Constitucional.
_94001
700 1 _aGui Mori, Tomás.
_960625
852 _aES-MaACL
_jL-18480
999 _c12404
_d12404